<?xml version="1.0" encoding="UTF-8"?>
<record
    xmlns:xsi="http://www.w3.org/2001/XMLSchema-instance"
    xsi:schemaLocation="http://www.loc.gov/MARC21/slim http://www.loc.gov/standards/marcxml/schema/MARC21slim.xsd"
    xmlns="http://www.loc.gov/MARC21/slim">

  <leader>01016nam a22002537a 4500</leader>
  <controlfield tag="005">20180723122351.0</controlfield>
  <controlfield tag="008">100514t        xxu||||| |||| 00| 0 eng d</controlfield>
  <datafield tag="010" ind1=" " ind2=" ">
    <subfield code="a">ENG-96067  B-437379-382</subfield>
  </datafield>
  <datafield tag="020" ind1=" " ind2=" ">
    <subfield code="a">9788180386114</subfield>
    <subfield code="c">3195.00</subfield>
  </datafield>
  <datafield tag="035" ind1=" " ind2=" ">
    <subfield code="a">EN-79600  B-437379-382, B-88978</subfield>
  </datafield>
  <datafield tag="037" ind1=" " ind2=" ">
    <subfield code="b">DBAD/PUB</subfield>
  </datafield>
  <datafield tag="037" ind1=" " ind2=" ">
    <subfield code="b">Allied Pub/Ven</subfield>
  </datafield>
  <datafield tag="040" ind1=" " ind2=" ">
    <subfield code="a">DPL</subfield>
    <subfield code="b">Eng</subfield>
  </datafield>
  <datafield tag="082" ind1=" " ind2=" ">
    <subfield code="a">348.54022</subfield>
  </datafield>
  <datafield tag="100" ind1=" " ind2=" ">
    <subfield code="a">Guru Prasanna Singh</subfield>
    <subfield code="9">17274</subfield>
  </datafield>
  <datafield tag="245" ind1=" " ind2=" ">
    <subfield code="a">Principles of Statutory Interpretation :</subfield>
    <subfield code="c">by Guru Prasanna Singh</subfield>
    <subfield code="b">also containing General Clauses Act, 1897 with notes /</subfield>
  </datafield>
  <datafield tag="250" ind1=" " ind2=" ">
    <subfield code="a">12th rev, &amp; enl. ed</subfield>
  </datafield>
  <datafield tag="260" ind1=" " ind2=" ">
    <subfield code="a">Gurgaon</subfield>
    <subfield code="b">Lexisnexis Butterworths </subfield>
    <subfield code="c">2010</subfield>
  </datafield>
  <datafield tag="270" ind1=" " ind2=" ">
    <subfield code="a">14th Floor, Building No. 10, Tower-B, DLF Cyber city, Phase-II </subfield>
    <subfield code="b">Gurgaon</subfield>
    <subfield code="e">122002</subfield>
  </datafield>
  <datafield tag="300" ind1=" " ind2=" ">
    <subfield code="a">ccclxvi,1236p.</subfield>
    <subfield code="c">24cm (Hb)</subfield>
  </datafield>
  <datafield tag="500" ind1=" " ind2=" ">
    <subfield code="a">Includes index</subfield>
  </datafield>
  <datafield tag="942" ind1=" " ind2=" ">
    <subfield code="2">ddc</subfield>
    <subfield code="c">EN</subfield>
    <subfield code="m">GUR</subfield>
    <subfield code="h">348.54022</subfield>
  </datafield>
  <datafield tag="999" ind1=" " ind2=" ">
    <subfield code="c">36054</subfield>
    <subfield code="d">36054</subfield>
  </datafield>
  <datafield tag="952" ind1=" " ind2=" ">
    <subfield code="0">0</subfield>
    <subfield code="1">0</subfield>
    <subfield code="2">ddc</subfield>
    <subfield code="4">0</subfield>
    <subfield code="7">1</subfield>
    <subfield code="8">NFIC</subfield>
    <subfield code="a">DBAD</subfield>
    <subfield code="b">DBAD</subfield>
    <subfield code="d">2010-04-05</subfield>
    <subfield code="e">DBAD/PUB</subfield>
    <subfield code="g">3195.00</subfield>
    <subfield code="l">0</subfield>
    <subfield code="o">348.54022 SIN</subfield>
    <subfield code="p">EN-79600</subfield>
    <subfield code="r">2010-05-14 00:00:00</subfield>
    <subfield code="t">1</subfield>
    <subfield code="v">3195.00</subfield>
    <subfield code="y">EN</subfield>
  </datafield>
  <datafield tag="952" ind1=" " ind2=" ">
    <subfield code="0">0</subfield>
    <subfield code="1">0</subfield>
    <subfield code="2">ddc</subfield>
    <subfield code="4">0</subfield>
    <subfield code="7">1</subfield>
    <subfield code="8">REF</subfield>
    <subfield code="a">L</subfield>
    <subfield code="b">L</subfield>
    <subfield code="d">2011-06-23</subfield>
    <subfield code="e">Allied /3019/31.3.11/75/4.3.11/31.3.11</subfield>
    <subfield code="g">3195.00</subfield>
    <subfield code="l">0</subfield>
    <subfield code="o">348.54022 GUR</subfield>
    <subfield code="p">B-437379</subfield>
    <subfield code="r">2011-06-23 00:00:00</subfield>
    <subfield code="t">1</subfield>
    <subfield code="v">3195.00</subfield>
    <subfield code="w">2011-06-23</subfield>
    <subfield code="y">EN</subfield>
  </datafield>
  <datafield tag="952" ind1=" " ind2=" ">
    <subfield code="0">0</subfield>
    <subfield code="1">0</subfield>
    <subfield code="2">ddc</subfield>
    <subfield code="4">0</subfield>
    <subfield code="7">0</subfield>
    <subfield code="8">NFIC</subfield>
    <subfield code="a">BL1</subfield>
    <subfield code="b">BL1</subfield>
    <subfield code="d">2011-06-23</subfield>
    <subfield code="e">Allied /3019/31.3.11/75/4.3.11/31.3.11</subfield>
    <subfield code="g">3195.00</subfield>
    <subfield code="l">0</subfield>
    <subfield code="o">348.54022 GUR</subfield>
    <subfield code="p">B-437380</subfield>
    <subfield code="r">2011-06-23 00:00:00</subfield>
    <subfield code="t">1</subfield>
    <subfield code="v">3195.00</subfield>
    <subfield code="w">2011-06-23</subfield>
    <subfield code="y">EN</subfield>
  </datafield>
  <datafield tag="952" ind1=" " ind2=" ">
    <subfield code="0">0</subfield>
    <subfield code="1">0</subfield>
    <subfield code="2">ddc</subfield>
    <subfield code="4">0</subfield>
    <subfield code="7">0</subfield>
    <subfield code="8">NFIC</subfield>
    <subfield code="a">ZLS</subfield>
    <subfield code="b">ZLS</subfield>
    <subfield code="d">2011-06-23</subfield>
    <subfield code="e">Allied /3019/31.3.11/75/4.3.11/31.3.11</subfield>
    <subfield code="g">3195.00</subfield>
    <subfield code="l">0</subfield>
    <subfield code="o">348.54022 GUR</subfield>
    <subfield code="p">B-437381</subfield>
    <subfield code="r">2011-06-23 00:00:00</subfield>
    <subfield code="t">1</subfield>
    <subfield code="v">3195.00</subfield>
    <subfield code="w">2011-06-23</subfield>
    <subfield code="y">EN</subfield>
  </datafield>
  <datafield tag="952" ind1=" " ind2=" ">
    <subfield code="0">0</subfield>
    <subfield code="1">0</subfield>
    <subfield code="2">ddc</subfield>
    <subfield code="4">0</subfield>
    <subfield code="7">0</subfield>
    <subfield code="8">NFIC</subfield>
    <subfield code="a">BN</subfield>
    <subfield code="b">BN</subfield>
    <subfield code="d">2011-06-23</subfield>
    <subfield code="e">Allied /3019/31.3.11/75/4.3.11/31.3.11</subfield>
    <subfield code="g">3195.00</subfield>
    <subfield code="l">3</subfield>
    <subfield code="m">2</subfield>
    <subfield code="o">348.54022 GUR</subfield>
    <subfield code="p">B-437382</subfield>
    <subfield code="r">2022-03-29 00:00:00</subfield>
    <subfield code="s">2022-03-19</subfield>
    <subfield code="t">1</subfield>
    <subfield code="v">3195.00</subfield>
    <subfield code="y">EN</subfield>
  </datafield>
  <datafield tag="952" ind1=" " ind2=" ">
    <subfield code="0">0</subfield>
    <subfield code="1">0</subfield>
    <subfield code="2">ddc</subfield>
    <subfield code="4">0</subfield>
    <subfield code="7">0</subfield>
    <subfield code="8">NFIC</subfield>
    <subfield code="a">BL1</subfield>
    <subfield code="b">BL1</subfield>
    <subfield code="d">2018-07-23</subfield>
    <subfield code="e">BPPD/PUB</subfield>
    <subfield code="g">495.00</subfield>
    <subfield code="l">5</subfield>
    <subfield code="m">4</subfield>
    <subfield code="o">348.54022 GUR</subfield>
    <subfield code="p">B-88978</subfield>
    <subfield code="r">2023-03-22 00:00:00</subfield>
    <subfield code="s">2023-02-17</subfield>
    <subfield code="v">495.00</subfield>
    <subfield code="w">2018-07-23</subfield>
    <subfield code="y">EN</subfield>
  </datafield>
</record>
